Business : (Record no. 345404)

000 -LEADER
fixed length control field 02415 a2200217 4500
020 ## - INTERNATIONAL STANDARD BOOK NUMBER
International Standard Book Number 0072537809
020 ## - INTERNATIONAL STANDARD BOOK NUMBER
International Standard Book Number 9780072537802
082 04 - DEWEY DECIMAL CLASSIFICATION NUMBER
Classification number 658
090 ## - LOCALLY ASSIGNED LC-TYPE CALL NUMBER (OCLC); LOCAL CALL NUMBER (RLIN)
-- 2914
-- 2914
100 1# - MAIN ENTRY--PERSONAL NAME
Personal name Fry, Fred L.
245 10 - TITLE STATEMENT
Title Business :
Remainder of title an integrative approach /
Statement of responsibility, etc. Fred L. Fry.
250 ## - EDITION STATEMENT
Edition statement 3rd ed.
260 ## - PUBLICATION, DISTRIBUTION, ETC.
Place of publication, distribution, etc. [S.l.] :
Name of publisher, distributor, etc. Mcgraw-Hill (Tx),
Date of publication, distribution, etc. 2003.
300 ## - PHYSICAL DESCRIPTION
Extent 548 p. ;
Dimensions 24 cm.
500 ## - GENERAL NOTE
General note Hardcover.
520 ## - SUMMARY, ETC.
Summary, etc. "Business: An Integrative Approach, 3e", by Fry, Stoner, and Hattwick is the most integrative introduction to business book on the market. It is built around how business works. The authors start with the mission and vision, look at indicators of success, the assessment of environmental influences, the decisions business leaders must make, and the evaluation of those decisions. Thus, the book parallels how people think in business. The topics covered in the text are contemporary: cross-functional teams, customer-centered thinking, the use of technology both inside the company and between the company and its customers, the role of stakeholders in business decision-making, the need for quality. The authors have added a discussion of crisis decision-making - a compelling need in the current business and social environment. They look at the environment that business faces but treat them from the perspective of how they really affect businesses rather than from an isolated view that is unrelated to other chapters in the text. "Business: An Integrative Approach, 3e" is as integrative as possible. While the functional areas of business are discussed, they have been de-emphasized. The focus then is rather on how business leaders use those resources and the information around them to make decisions leading to successful strategies. Rather than talk about finance, human resources, and production for example, the authors discuss the acquisition of resources that allow the company to function efficiently and effectively. The entire text (its content and pedagogy) is oriented around the big picture for the company - the authors ask readers to look a business as a system that is bound together into inter-related activities.
700 1# - ADDED ENTRY--PERSONAL NAME
Personal name Hattwick, Richard E.
856 40 - ELECTRONIC LOCATION AND ACCESS
Materials specified Amazon.com
Uniform Resource Identifier <a href="http://www.amazon.com/exec/obidos/ASIN/0072537809/chopaconline-20">http://www.amazon.com/exec/obidos/ASIN/0072537809/chopaconline-20</a>
856 40 - ELECTRONIC LOCATION AND ACCESS
Materials specified Amazon customer reviews
Uniform Resource Identifier <a href="http://www.chopac.org/cgi-bin/tools/azrev.pl?q=0072537809">http://www.chopac.org/cgi-bin/tools/azrev.pl?q=0072537809</a>
942 ## - ADDED ENTRY ELEMENTS (KOHA)
Institution code [OBSOLETE] NBS
Koha item type Book
Call number prefix 658.04 FRY
Holdings
Withdrawn status Lost status Damaged status Not for loan Permanent Location Current Location Date acquired Total Checkouts Full call number Barcode Date last seen Price effective from Koha item type
        Central Library (CL) Central Library (CL) 08/28/2013   658.04 FRY NBS5446 08/28/2013 08/28/2013 Book
© 2023 Central Library, National University of Sciences and Technology. All Rights Reserved.